000 00517nam a2200193 a 4500
001 1769080478656
003 YourLibrary
005 20260123163857.0
008 260122s2008##################000#0#eng##
020 _a9780521880404
082 0 4 _a303.6
_bRIS
100 1 _aSurvey, Small Arms,
_eauthor.
245 1 0 _aSmall Arms Survey 2008 :
260 _bCambridge University Press,
_c2008.
300 _a313 pages
650 0 _aBusiness & Economics.
942 _cENGLISH
040 _aYourLibrary
_beng
_cYourLibrary
999 _c609089
_d609089